Un/identifying reflexive subjects: the case of women in paid domestic work in Mexico /
Guardado en:
| Autor principal: | |
|---|---|
| Formato: | Libro |
| Lenguaje: | Spanish |
| Etiquetas: |
Agregar Etiqueta
Sin Etiquetas, Sea el primero en etiquetar este registro!
|
MARC
| LEADER | 00000nam a22000007a 4500 | ||
|---|---|---|---|
| 003 | cru CIDCACS/IIS | ||
| 005 | 20170915062529.0 | ||
| 007 | ta | ||
| 008 | 161103b xxu||||| |||| 00| 0 spa d | ||
| 040 | |c cru CIDCACS/IIS | ||
| 100 | 1 | |9 357 |a Saldaña-Tejeda, Abril | |
| 245 | 1 | |a Un/identifying reflexive subjects: |b the case of women in paid domestic work in Mexico / |c Abril Saldaña-Tejeda | |
| 300 | |a páginas 943-960 | ||
| 773 | 0 | |0 18701 |9 124 |d Los Angeles: SAGE Publications |o R19011 |t Current Sociology / |x 00113921 | |
| 942 | |2 ddc |c PP | ||
| 999 | |c 18702 |d 18702 | ||
